Safe Autonomous Driving in Rainy Weather Conditions using Deep Learning/ (Record no. 595701)

000 -LEADER
fixed length control field 00526nam a22001577a 4500
003 - CONTROL NUMBER IDENTIFIER
control field NUST
082 ## - DEWEY DECIMAL CLASSIFICATION NUMBER
Classification number 200
100 ## - MAIN ENTRY--PERSONAL NAME
Personal name Akram, Muhammad Junaid
245 ## - TITLE STATEMENT
Title Safe Autonomous Driving in Rainy Weather Conditions using Deep Learning/
Statement of responsibility, etc. Muhammad Junaid Akram,
264 ## - PRODUCTION, PUBLICATION, DISTRIBUTION, MANUFACTURE, AND COPYRIGHT NOTICE
Place of production, publication, distribution, manufacture Islamabad :
Name of producer, publisher, distributor, manufacturer SSECS, NUST,
Date of production, publication, distribution, manufacture, or copyright notice 2023.
300 ## - PHYSICAL DESCRIPTION
Extent 71 p. ;
Dimensions 30 cm.
650 ## - SUBJECT ADDED ENTRY--TOPICAL TERM
Topical term or geographic name entry element MS-Computer Science
700 ## - ADDED ENTRY--PERSONAL NAME
Personal name Supervisor: Dr. Sajjad Hussain
856 ## - ELECTRONIC LOCATION AND ACCESS
Uniform Resource Identifier <a href="http://10.250.8.41:8080/xmlui/handle/123456789/33971">http://10.250.8.41:8080/xmlui/handle/123456789/33971</a>
942 ## - ADDED ENTRY ELEMENTS (KOHA)
Source of classification or shelving scheme
Koha item type Soft Copy
Holdings
Withdrawn status Permanent Location Current Location Shelving location Date acquired Full call number Barcode Koha item type
  Central Library (CL) Central Library (CL) Thesis 08/31/2023 200 CL-T-6759 Soft Copy
© 2023 Central Library, National University of Sciences and Technology. All Rights Reserved.